书目信息 |
| 题名: |
扛起责任 胜在执行
|
|
| 作者: | 申俊霞 编著 | |
| 分册: | ||
| 出版信息: | 北京 煤炭工业出版社 2018 |
|
| 页数: | 230页 | |
| 开本: | 21cm | |
| 丛书名: | ||
| 单 册: | ||
| 中图分类: | B822.9 | |
| 科图分类: | ||
| 主题词: | 职业道德--zhi ye dao de--通俗读物 | |
| 电子资源: | ||
| ISBN: | 978-7-5020-6841-7 | |
| 000 | 01235nam0 2200277 450 | |
| 001 | 012001002378 | |
| 005 | 20131023105426.0 | |
| 010 | @a978-7-5020-6841-7@dCNY38.80 | |
| 092 | @aCN@bRt852-3333 | |
| 099 | @aCAL 012019009854 | |
| 100 | @a20181127d2018 em y0chiy50 ea | |
| 101 | 0 | @achi |
| 102 | @aCN@b110000 | |
| 105 | @ay z 000yy | |
| 106 | @ar | |
| 200 | 1 | @a扛起责任 胜在执行@Akang qi ze ren sheng zai zhi xing@f申俊霞编著 |
| 210 | @a北京@c煤炭工业出版社@d2018 | |
| 215 | @a230页@d21cm | |
| 312 | @a英文题名取自封面 | |
| 330 | @a本书讲述了现代社会中, 我们所面临的一个最大问题就是没有执行力。比尔·盖茨曾说: “在未来的10年内, 我们所面临的挑战就是执行力。”杰克·韦尔奇曾说: “管理者的执行力决定企业的执行力, 个人的执行力则是个人成功的关键。关注执行力就是关注企业和个人的成功! ”事业的辉煌, 需要我们通过执行去获得, 我们不能做语言上的巨人、行动上的矮子, 而应当不断提高自己的执行力, 轻松应对职场变化, 解决各种问题, 以最快的速度、最短的时间、最少的投入、最高的效率, 将每一项工作都出色地执行到位。 | |
| 510 | 1 | @aCarried out@zeng |
| 606 | 0 | @a职业道德@Azhi ye dao de@j通俗读物 |
| 690 | @aB822.9@v5 | |
| 701 | 0 | @a申俊霞@Ashen jun xia@4编著 |
| 801 | 0 | @aCN@b江苏凤凰@c20191020 |
| 905 | @b1220038-42@dB822.9@e1431@f5 | |
| 扛起责任 胜在执行/申俊霞编著.-北京:煤炭工业出版社,2018 |
| 230页;21cm |
| ISBN 978-7-5020-6841-7:CNY38.80 |
| 本书讲述了现代社会中, 我们所面临的一个最大问题就是没有执行力。比尔·盖茨曾说: “在未来的10年内, 我们所面临的挑战就是执行力。”杰克·韦尔奇曾说: “管理者的执行力决定企业的执行力, 个人的执行力则是个人成功的关键。关注执行力就是关注企业和个人的成功! ”事业的辉煌, 需要我们通过执行去获得, 我们不能做语言上的巨人、行动上的矮子, 而应当不断提高自己的执行力, 轻松应对职场变化, 解决各种问题, 以最快的速度、最短的时间、最少的投入、最高的效率, 将每一项工作都出色地执行到位。 |
| ● |
| 相关链接 |
|
|
|
|
正题名:扛起责任 胜在执行
索取号:B822.9/1431
 
预约/预借
| 序号 | 登录号 | 条形码 | 馆藏地/架位号 | 状态 | 备注 |
| 1 | 1220038 | 212200385 | 第一样本阅览室/ [索取号:B822.9/1431] | 在馆 | |
| 2 | 1220039 | 212200394 | 教育系资料室/ [索取号:B822.9/1431] | 在馆 | |
| 3 | 1220040 | 212200401 | 教育系资料室/ [索取号:B822.9/1431] | 在馆 | |
| 4 | 1220041 | 212200410 | 第一借阅区/ [索取号:B822.9/1431] | 在馆 | |
| 5 | 1220042 | 212200429 | 第一借阅区/ [索取号:B822.9/1431] | 在馆 |